Pacippiṇi maruttuvan̲ / (Record no. 83226)

MARC details
000 -LEADER
fixed length control field 00585nam a2200205 i 4500
001 - CONTROL NUMBER
control field sa 68009895
003 - CONTROL NUMBER IDENTIFIER
control field DLC
005 - DATE AND TIME OF LATEST TRANSACTION
control field 20260227112548.0
008 - FIXED-LENGTH DATA ELEMENTS--GENERAL INFORMATION
fixed length control field 851002s1966 ii 00000 tamo
010 ## - LIBRARY OF CONGRESS CONTROL NUMBER
LC control number sa 68009895 //r85
050 0# - LIBRARY OF CONGRESS CALL NUMBER
Classification number PL4751
Item number .D6
100 20 - MAIN ENTRY--PERSONAL NAME
Personal name Dorai Rangaswamy, M. A.,
Dates associated with a name 1908-
245 10 - TITLE STATEMENT
Title Pacippiṇi maruttuvan̲ /
Statement of responsibility, etc. Mo. A. Turai Araṅkacāmi.
250 ## - EDITION STATEMENT
Edition statement [1. patippu].
260 0# - PUBLICATION, DISTRIBUTION, ETC.
Place of publication, distribution, etc. Maturai :
Name of publisher, distributor, etc. Mīn̲āṭci Puttaka Nilaiyam,
Date of publication, distribution, etc. [1966]
300 ## - PHYSICAL DESCRIPTION
Extent 192 p. ;
Dimensions 19 cm.
490 0# - SERIES STATEMENT
Series statement Mīn̲āṭci ;
Volume/sequential designation 72
500 ## - GENERAL NOTE
General note In Tamil.
650 #0 - SUBJECT ADDED ENTRY--TOPICAL TERM
Topical term or geographic name entry element Tamil philology.

No items available.

Powered by Koha